| 000 | 00372nam a2200133Ia 4500 | ||
|---|---|---|---|
| 008 | 210430s9999 xx 000 0 und d | ||
| 020 | _a405-406-405-424 | ||
| 082 | _a551.8 B5951 S | ||
| 100 |
_aMarland P.Billings _913268 |
||
| 245 |
_aStructural Geology _cMarland P.Billings |
||
| 260 |
_aIslamabad _bNational Book Foundation _c2010 |
||
| 300 | _a606p | ||
| 942 |
_cBK _2ddc |
||
| 999 |
_c561571 _d561571 |
||